[Event "Turnier 40 / 120"]
[Site "Wien"]
[Date "2023.08.18"]
[Round "50"]
[White "Mephisto Lyon 68020 - 12 MHZ"]
[Black "Mephisto Atlanta SH 7034 - 20 MHZ"]
[Result "1/2-1/2"]
[BlackElo "2191"]
[WhiteElo "2172"]

{Analyse ---> Stockfish 16
} 1. e4 e5 2. Bc4 Nc6 {Buchende} 3. Nc3 Nf6 4.
d3 Bb4 {Buchzug / Buchende} 5. Bg5 Na5 {Buchbewertung Mephisto Atlanta:
0,0} 6. Ne2 {Buchende} c6? {ein schlechter Zug, danach steht Weiss besser,
Stockfish -0,80, nötig war der noch im Buch von Lyon 68020 gespeicherte Zug
Sxc4 mit Ausgleich} 7. O-O? {Buchbewertung Mephisto Lyon 68020: -0,09 / ein
schwacher Zug der Weiss keinerlei Vorteil bringt, Stockfish 0,00, nötig war
a3} Nxc4 8. dxc4 O-O 9. a3 Be7 10. Qd2 {besser ist Sg3} h6 11. Bxf6 Bxf6
12. Qd6 {weniger gut, besser ist Tad1, Stockfish -0,60} Qe7 13. Rad1 Qxd6
14. Rxd6 Be7 15. Rd2 d6 16. a4 Be6 17. b3 Rad8 18. Rfd1 Rd7 19. Ng3 Rfd8
{nicht optimal danach ist die Stellung im Lot, nötig war g6, Schwarz sollte
den weissen Springer nicht nach f5 lassen} 20. Nf5 {klar, was sonst ?} Bxf5
21. exf5 Kf8 22. g3 g6 23. fxg6 fxg6 24. f3 Kf7 25. a5 b6 26. a6 Bg5 27.
Rd3 Ke6 28. Re1 Rf7 {weniger gut, besser ist Lf6 mit Ausgleich, Stockfish
-0,60} 29. f4 Bf6 30. Na2 {weniger gut, danach ist die Stellung wieder im
Lot, besser ist b4} Re8 31. Red1 exf4 32. Rxd6+ Kf5 33. Rf1 g5 34. Rxc6???
{ein Verlustzug, danach ist die Partie sofort verloren, Stockfish -4,50,
nötig war Sc1 mit Ausgleich} Re2??? {verpasst den sofortigen Gewinn und
verschenkt auf einen Schlag den gesamten Vorteil, Stockfish 0,00, gewonnen
hätte Ld4+} 35. Rd6 Rxc2 36. Nb4 Re2 37. Nd3 Ke4 38. gxf4 Bd4+ 39. Nf2+
Rxf2 40. Rxf2 Rxf4 41. Rxd4+ Kxd4 42. Rd2+ Kc3 43. Rd7 Kxb3 44. Rxa7 Kxc4
45. Rh7 Kb5 46. a7 Ra4 47. Rxh6 Rxa7 48. Rg6 Kc4 49. Rxb6 {Userentscheid:
Remis} 1/2-1/2
[/pgn]